000 00284nam a22001337a 4500
008 170327b xxu||||| |||| 00| 0 eng d
020 _a9780525945345
041 _aeng
080 _a616.9
100 _a8
101 _aSHM
245 _aTHE VIRUS WITHIN
_cREGUSH. N
942 _2udc
_cBK
999 _c8673
_d8673